000 00389cam a2200145ua 4500
003 OSt
008 241218b |||||||| |||| 00| 0 eng d
041 _aeng
082 _a621.31042
_bNAS/El
100 _aNasar, Syed A .
_96504
245 _aElectric machines and power systems /
260 _aNew Delhi :
_bTata Mc-Graw Hill Publishing Company ,
_c2003.
300 _a ; .
942 _cBK
999 _c13432
_d13432